| 000 | 00581nam a22001935i 4500 | ||
|---|---|---|---|
| 001 | 98662 | ||
| 003 | ES-MaACL | ||
| 007 | t| | ||
| 008 | 950918s1895 fr ||||1| fre d | ||
| 040 |
_aCAM _bspa _cCAM |
||
| 100 | 1 |
_aEichthal, Eugène d'. _946815 |
|
| 245 | 1 | 0 |
_aSouveraineté du people et governement / _cpar Eugéne d'Eichthal. |
| 260 |
_aParis : _bF. Alcan, _c1895. |
||
| 300 |
_aXI, 264 p. ; _c19 cm. |
||
| 490 | 1 | _aBibliothèque d'histoire contemporaine | |
| 830 | 0 |
_aBibliothèque d'histoire contemporaine _9180875 |
|
| 852 |
_aES-MaACL _jG-7233 |
||
| 999 |
_c98662 _d98662 |
||